000 00792cam a2200217 a 4500
001 2124057
005 20250116173337.0
008 970306s1997 enk e 000 0 eng
020 _a1861521138 (pbk.)
050 0 0 _aHF1001
_b.I53 1997
082 0 0 _a650/.03
_221
245 0 0 _aPocket international encyclopedia of business and management /
_cedited by Malcolm Warner.
250 _a1st ed.
260 _aLondon ;
_aBoston :
_bInternational Thomson Business Press,
_c1997.
300 _axxvi, 291 p. ;
_c21 cm.
500 _a"This book is drawn from the six volume International encyclopedia of business and management ... published in June 1996"--Introd.
650 0 _aBusiness
_xEncyclopedias.
650 0 _aManagement
_xEncyclopedias.
700 1 _aWarner, Malcolm.
942 _2lcc
_cBK
_n0
999 _c2598
_d2598